NBA Career Top 25 Points Per Game Scorers - Statistics

General Stats
  • This quiz has been taken 750 times
  • The average score is 13 of 25
Answer Stats
Hint Answer % Correct
30.12 Michael Jordan
98%
27.35 Lebron James
93%
30.07 Wilt Chamberlain
91%
25.38 Kobe Bryant
89%
23.69 Shaquille O'neal
78%
27.31 Kevin Durant
76%
27.03 Jerry West
75%
24.29 Larry Bird
73%
25.02 Karl Malone
71%
24.61 Kareem Abdul-Jabbar
70%
26.66 Allen Iverson
65%
24.09 Dwayne Wade
57%
22.23 Dirk Nowitzki
55%
25.21 Carmelo Anthony
49%
27.36 Elgin Baylor
48%
25.68 Oscar Robertson
43%
24.83 Dominique Wilkins
33%
26.18 George Gervin
32%
26.36 Bob Pettit
30%
23.17 Rick Barry
24%
23.13 George Mikan
23%
24.24 Pete Maravich
22%
22.49 Bernard King
18%
24.27 Adrian Dantley
16%
22.81 Paul Arizin
9%
No matching quizzes found
Score Distribution
Percent of People with Each Score
Percentile by Number Answered
Your Score History
You have not taken this quiz